000
00213 a2200097 4500
001
9599
100
_a
Duke, Elder, S
245
_a
Diseases of the Eye.
260
_a
_b
J & A Churchill Ltd
_c
090
_c
7639
_d
7639
942
_a
NUST-CAE
_c
M
_c
34310
999
_c
244672
_d
244672